[Event "ZI-2010-0-00643"]
[Site "LSS email"]
[Date "2010.02.07"]
[Round "?"]
[White "McFall, Thomas"]
[Black "Lauer, Fredric"]
[Result "0-1"]
[WhiteElo "1500"]
[BlackElo "1368"]
[PlyCount "34"]
[EventDate "2010.01.31"]
[EventType "match (corr)"]
[EventRounds "2"]
[EventCountry "GER"]
[SourceTitle "Corr 2013"]
[Source "ChessBase"]
[SourceDate "2012.11.12"]
[SourceVersion "1"]
[SourceVersionDate "2012.11.12"]
[SourceQuality "1"]

1. Nf3 c5 2. d4 cxd4 3. Qxd4 Nc6 4. Qd1 d6 5. b3 Nf6 6. Bb2 e5 7. Nbd2 Be7 8. e4 0-0 9. Bd3 Bg4 10. 0-0 a6 11. c3 b5 12. b4 d5 13. Qe1 dxe4 14. Bxe4 Nxe4 15. Nxe4 Bxf3 16. g3 Qd3 17. Qd2 Qxe4 0-1

[Event "OP-2010-0-01073"]
[Site "LSS email"]
[Date "2010.02.07"]
[Round "?"]
[White "Wood, Brian B"]
[Black "McFall, Thomas"]
[Result "1-0"]
[WhiteElo "1400"]
[BlackElo "1500"]
[PlyCount "31"]
[EventDate "2010.02.02"]
[EventType "tourn (corr)"]
[EventRounds "4"]
[EventCountry "GER"]
[SourceTitle "Corr 2015"]
[Source "ChessBase"]
[SourceDate "2015.07.17"]
[SourceVersion "1"]
[SourceVersionDate "2015.07.17"]
[SourceQuality "1"]

1. d4 Nf6 2. c4 d5 3. cxd5 Nxd5 4. e4 Nb6 5. Nc3 g6 6. Nf3 Bg4 7. d5 Bxf3 8. Qxf3 Bg7 9. Bb5+ N8d7 10. 0-0 Bxc3 11. Qxc3 e5 12. Bh6 f6 13. f4 Rc8 14. fxe5 fxe5 15. Qxe5+ Qe7 16. Qxh8+ 1-0

[Event "OP-2010-0-01073"]
[Site "LSS email"]
[Date "2010.02.06"]
[Round "?"]
[White "McFall, Thomas"]
[Black "Meulemans, Bart"]
[Result "0-1"]
[WhiteElo "1500"]
[BlackElo "2135"]
[PlyCount "36"]
[EventDate "2010.02.02"]
[EventType "tourn (corr)"]
[EventRounds "4"]
[EventCountry "GER"]
[SourceTitle "Corr 2013"]
[Source "ChessBase"]
[SourceDate "2012.11.12"]
[SourceVersion "1"]
[SourceVersionDate "2012.11.12"]
[SourceQuality "1"]

1. Nf3 d5 2. d4 Nf6 3. e3 Bf5 4. Bd3 Bxd3 5. Qxd3 c6 6. Nc3 e6 7. e4 dxe4 8. Nxe4 Nxe4 9. Qxe4 Nd7 10. 0-0 Bd6 11. Bf4 Nf6 12. Qe3 Nd5 13. Qe2 Nxf4 14. Qc4 Qf6 15. c3 Qg6 16. g3 Qe4 17. gxf4 Qxf3 18. Rae1 Qxf4 0-1

[Event "OP-2010-0-01073"]
[Site "LSS email"]
[Date "2010.02.06"]
[Round "?"]
[White "McFall, Thomas"]
[Black "Naess, Jan Olav"]
[Result "0-1"]
[WhiteElo "1500"]
[BlackElo "1365"]
[PlyCount "42"]
[EventDate "2010.02.02"]
[EventType "tourn (corr)"]
[EventRounds "4"]
[EventCountry "GER"]
[SourceTitle "Corr 2013"]
[Source "ChessBase"]
[SourceDate "2012.11.12"]
[SourceVersion "1"]
[SourceVersionDate "2012.11.12"]
[SourceQuality "1"]

1. Nf3 b6 2. e4 Bb7 3. Nc3 Nf6 4. d3 e6 5. g3 d5 6. e5 d4 7. Ne2 Bxf3 8. Bg2 Bxg2 9. Rg1 Bf3 10. Bg5 h6 11. Bxf6 gxf6 12. exf6 Bb4+ 13. Kf1 Qxf6 14. Qb1 Bxe2+ 15. Kxe2 Nc6 16. a3 Bd6 17. f4 0-0-0 18. Qf1 e5 19. fxe5 Qxe5+ 20. Kd2 Qe3+ 21. Kd1 Rhe8 0-1